000 00316nam a2200145Ia 4500
003 OSt
005 20240322123737.0
008 170523s9999 xx 000 0 und d
020 _anil
040 _ciimtu meerut
100 _aLOFOTUETIS
245 0 _aMANAGEMENT FOR TOTAL QUALITY
260 _bPHI
942 _2ddc
_c02
999 _c1843
_d1843